000 00663nam a2200241Ia 4500
003 OSt
005 20221005050136.0
006 a|||||r|||| 00| 0
007 ta
008 221004b |||||||| |||| 00| 0 ben d
024 _a22773
037 _bGift, 12/10/2015,
_cTextual
040 _aCRL
_cCRL
_bben
041 _2ben
_aben
082 _aO157,3NDHx, P5
100 _aDhar Subhash
_9594320
245 0 _aPolice file theke
260 _aKolkatta
_bDey's Pub. India
_c2005
300 _a118p.
_ccm.
650 _aBENGALI LITERATURE
942 _hO157,3NDHx, P5
_cTEXL
_2cc
999 _c956417
_d956417